LEADER 01066cam2-2200373---450- 001 990005769020403321 005 20100927123605.0 035 $a000576902 035 $aFED01000576902 035 $a(Aleph)000576902FED01 035 $a000576902 100 $a19990604d1940----km-y0itay50------ba 101 0 $aita 102 $aIT 105 $af-------001yy 200 1 $aStoria della lingua di Roma$fdi Giacomo Devoto 210 $aBologna$cCappelli$d1940 215 $a429 p., 15 tav.$cill.$d24 cm 300 $aIn testa al front.: Istituto di Studi Romani 461 0$1001000609353$12001$aStoria di Roma$v23 610 0 $aLingua latina$aStoria 676 $a470.9 700 1$aDevoto,$bGiacomo$f<1897-1974>$0638 801 0$aIT$bUNINA$gRICA$2UNIMARC 901 $aBK 912 $a990005769020403321 952 $aBIB. BAT.188$fBAT 952 $a945.63 ISR 1 (23)$bBibl.16035$fFLFBC 952 $aXXI A 340 (23)$b27962$fFGBC 959 $aFGBC 959 $aFLFBC 959 $aBAT 996 $aStoria della lingua di Roma$974853 997 $aUNINA LEADER 00844nam0-22003131i-450- 001 990001355020403321 010 $a3-540-58504-4 035 $a000135502 035 $aFED01000135502 035 $a(Aleph)000135502FED01 035 $a000135502 100 $a20000920d1995----km-y0itay50------ba 101 0 $aeng 200 1 $aWave Physics$eOscillations - Solitons - Chaos$fStephen Nettel 205 $a2nd Corrected and Enlarge Ed. 210 $aBerlin [etc.]$cSpringer-Verlag$d1995 610 0 $aElettricitą 610 0 $aMagnetismo 610 0 $aCampi elettromagnetici 676 $a537$a538 700 1$aNettel,$bStephen$061120 801 0$aIT$bUNINA$gRICA$2UNIMARC 901 $aBK 912 $a990001355020403321 952 $a29-036$b$fFI1 959 $aFI1 996 $aWave physics$9192320 997 $aUNINA DB $aING01